| 000 | 00840nam a22002537a 4500 | ||
|---|---|---|---|
| 003 | DO-SdBPM | ||
| 005 | 20250116121924.0 | ||
| 008 | 170112b20uu ag |||| 00| 0 spa d | ||
| 020 | _a9872137013 | ||
| 040 |
_6DO-SdBPM _8spa _aBPMSU _c |
||
| 082 |
_a372.4 _bC574e _222 |
||
| 100 | 1 | _aCinetto, Liliana | |
| 245 | 1 | 0 |
_aEstrategias de lectura : _bpara mejorar la comprensión / _cLiliana Cinetto ; ilustraciones Juan Boan |
| 260 |
_aBuenos Aires : _bLexus, _c[200?]. |
||
| 300 |
_a116 p. : _bil. ; _c32 cm. |
||
| 590 | _aInventariado, 2025/VM | ||
| 650 | 4 | _aEnseñanza en comprensión de lectura | |
| 650 | 4 |
_aLectura _xMétodos de enseñanza |
|
| 650 | 4 | _aLibros y lectura para niños | |
| 650 | 4 | _aPromoción de la lectura | |
| 700 | 1 |
_aBoan, Juan, _eilustración |
|
| 910 | _aVMateo V. Control de calidad. BPMSU | ||
| 942 |
_2ddc _cBK |
||
| 999 |
_c12445 _d12445 |
||